000 00935nam a2200217Ii 4500
003 JO-AjNU
008 230605s9999||||xx |||||||||||||| ||und||
017 _a1980/2857
020 _a977-7317-64-6
040 _aJO-AjNU
_bara
_erda
_cJO-AjNU
041 _aara
050 1 4 _aGC101.2 1980
100 3 _aتاليف بروان، سيوم ... وآخرون، م.مشارك كورنيل، نينا، م.مشارك فابيان، لارى، م.مشارك ويس، اديت بروان؛ ترجمة فرج، فرج محمد,
_eauthor
_918292
245 0 0 _aالتكنولوجيا الحديثة في استغلال المحيطات والفضاء الخارجي
264 3 1 _aالفجالة: مكتبة غريب، 1980
300 _a277ص
336 _atext
_btxt
_2rdacontent
337 _aunmediated
_bn
_2rdamedia
338 _avolume
_bnc
_2rdacarrier
650 4 _aالمحيطات والفضاء الخارجي-تكنولوجية
_918293
999 _aA5822
_c9390
_d9390